000 00503nam a22001217a 4500
999 _c21423
_d21423
008 240910b ||||| |||| 00| 0 eng d
100 _aOrcino, Joel Dumanguera.
_eauthor.
_936197
245 _aAmungan elementary school celebration of teacher's day /
_cJoel Dumanguera Orcino.
260 _aPhilippines;
_bPublishers Association of the Philippines, Inc.,
_cSeptember 2019.
300 _aVolume 168, pages 137-138,
_billustration.
700 _aOrcino, Joel Dumanguera.
_eauthor.
_936197
942 _2ddc
_cPER